000 00816nac a22002411u 4500
010 _a 98050988
020 _a0340692367 (Arnold : pbk.)
020 _a0470327405 (Wiley : pbk.)
082 0 0 _a621.8
_bCHI
090 _c8875
_d8875
100 _aChilds, Peter R. N.
245 1 0 _aMechanical design /
_cPeter R.N. Childs.
250 _a2nd ed.
260 _aLondon :
_bArnold ;
_aNew York :
_bJohn Wiley,c2004.
_cc2004.
300 _avii, 231 p. :
_bill. ;
_c25 cm.
500 _aIncludes index.
500 _aDistributer: Baccah.
511 _aCatalogued By: Mahitab.
650 0 _aRotors
_xDesign and construction.
650 0 _aMachine design.
942 _cBB
_k621.8CHI
999 _c8875
_d8875